|
|
|
|
| LEADER |
01249nam a2200301 a 4500 |
| 001 |
13348947 |
| 008 |
111214s2004 njua b 001 0 eng d |
| 010 |
|
|
|a 2003020640
|
| 020 |
|
|
|a 1588291200 (alk. paper)
|
| 020 |
|
|
|a 1592597629
|
| 040 |
|
|
|a DNLM/DLC
|c DLC
|d DLC
|d BD-DhAAL
|
| 082 |
0 |
0 |
|a 572/.6
|2 22
|
| 999 |
|
|
|c 11602
|d 11602
|
| 999 |
|
|
|c 11602
|
| 245 |
0 |
0 |
|a Protein-protein interactions :
|b methods and applications /
|c edited by Haian Fu.
|
| 260 |
|
|
|a Totowa, N.J. :
|b Humana Press,
|c c2004.
|
| 300 |
|
|
|a xvi, 532 p. :
|b ill. (some col.) ;
|c 24 cm.
|
| 490 |
1 |
|
|a Methods in molecular biology ;
|v 261
|
| 504 |
|
|
|a Includes bibliographical references and index.
|
| 541 |
1 |
|
|e 00024048
|
| 650 |
|
0 |
|a Protein-protein interactions
|v Laboratory manuals.
|9 7706
|
| 650 |
1 |
2 |
|a Protein Binding
|x physiology
|v Laboratory Manuals.
|9 7707
|
| 650 |
2 |
2 |
|a Proteins
|x metabolism
|v Laboratory Manuals.
|9 7708
|
| 700 |
1 |
|
|a Fu, Haian.
|9 7709
|
| 830 |
|
0 |
|a Methods in molecular biology (Clifton, N.J.) ;
|v v. 261.
|9 7710
|
| 852 |
1 |
|
|a Ayesha Abed Library
|j General shelf
|
| 942 |
|
|
|2 ddc
|c BK
|
| 952 |
|
|
|0 0
|1 0
|2 ddc
|4 0
|6 572_600000000000000_PRO
|7 0
|9 18923
|a BRACUL
|b BRACUL
|c GEN
|d 2011-12-21
|e PARASH PUBLISHERS
|l 5
|m 33
|o 572.6 PRO
|p 3010024048
|r 2025-09-16
|s 2025-09-01
|t 1
|w 2011-12-21
|y BK
|